000 00982nam a2200253 i 4500
001 159695
003 ES-MaACL
005 20250807123458.0
008 040916s1871 fr |||| | fre d
100 1 _aMilton, John (
_d1608-1674)
_981300
240 1 0 _aParadise lost.
_lFrancés
245 1 3 _aLe paradis perdu de Milton /
_ctraduction de F. de Chateaubriand ; [p]récédée d'une étude de John Lemoine.
250 _aNouvelle éd.
260 _aParis :
_bMichel Lévy Frères,
_c1871 (
_eClichy :
_fImp. Paul Dupont et C.)
300 _a335, [2] p. ;
_c18 cm.
490 1 _aCollection Michel Lévy
490 1 _aOeuvres choisies de F. de Chateubriand
700 1 _aChateaubriand, François-René,
_cvicomte de,
_d1768-1848
_938177
700 1 _aLemoine, John.
_9128870
830 1 0 _aCollection Michel Lévy
_9182425
830 1 _aOeuvres choisies de F. de Chateubriand
_9221963
852 _aES-MaACL
_jG-10116
_z- Enc. hol.
999 _c159695
_d159695